000 00670nam a22001937a 4500
005 20100722124147.0
010 _aENG-96522
020 _a9788190941600
_c550.00
035 _aEN-80055
037 _bDBAD/PUB
082 _a306
245 _aTranslation and culture:
_bindian perspectives /
_cedited by GJV Prasad
260 _aNew Delhi
_bPencraft International
_c2010
270 _a4262/3, Ansari Road, Darya Ganj, New Delhi-110002
_bNew Delhi
_e110002
300 _a224p.
_c24cm (Hb)
700 _aPrasad, GJV
_9673
942 _2ddc
_cEN
_mTRA
_h306
999 _c37194
_d37194